000 00842cam a2200289 i 4500
001 11644
003 BD-RjUL
005 20211208235147.0
008 140127s1975 enka b 001 0 eng
020 _a047106498X
035 _a(BD-RjUL)11693
040 _aDLC
_cDLC
_dDLC
_dBD-RjUL
_beng
041 _aeng
060 _aQU60 B458a
082 0 0 _a572.65
_bBEA 1975
100 1 _aBender, David A.
_936014
245 1 0 _aAmino acid metabolism /
_cDavid A. Bender.
260 _aLondon ;
_aNew York :
_bWiley,
_cc1975.
300 _axi, 234 p. :
_bill. ;
_c24 cm.
500 _a"A Wiley-Interscience publication."
504 _aIncludes bibliography (p. 218-221) and index.
650 0 _aAmino acids
_xMetabolism.
_936015
650 2 _aAmino acids
_xMetabolism.
_936016
942 _2ddc
_cBK
999 _c11644
_d11644